TV Shows by Literal Image Quiz Stats

 Plays Quiz Updated Jun 17, 2018

Challenge
Share
Tweet
Score 0/25 Timer 06:00
0 Plays Today
% Correct
Bones
94.2%
House of Cards
92.1%
CHiPs
87.9%
The Big Bang Theory
87.6%
The Wire
87.3%
Soap
87.1%
One Tree Hill
87.1%
Suits
86.3%
M*A*S*H
83.5%
House, M.D.
83.4%
Shark Tank
82.8%
Little House on the Prairie
72.5%
Twin Peaks
69.7%
% Correct
Blossom
68.2%
Weeds
64.9%
Firefly
62.3%
The Simpsons
59.5%
The Brady Bunch
56.4%
Cheers
54.6%
Night Court
54.2%
Mad Men
52.7%
Nashville
44.1%
Party of Five
38.5%
The Leftovers
36.4%
Chicago Fire
33.7%

You're not logged in!

Compare scores with friends on all Sporcle quizzes.
Join for Free
OR
Log In

You Might Also Like...

Show Comments

Extras

Top Quizzes Today


Score Distribution

Your Account Isn't Verified!

In order to create a playlist on Sporcle, you need to verify the email address you used during registration. Go to your Sporcle Settings to finish the process.

Report this User

Report this user for behavior that violates our Community Guidelines.

Details: